Sports Quiz

Random Sports or World Quiz

France's 1998 World Cup Winning Squad Quiz Stats

 Plays Quiz Updated Feb 22, 2019

Score 0/23 Timer 04:00
8 Plays Today
Position Player % Correct
ForwardThierry Henry
93.1%
MidfielderZinedine Zidane
90.8%
GoalkeeperFabien Barthez
83%
MidfielderEmmanuel Petit
72.3%
DefenderMarcel Desailly
66.2%
ForwardDavid Trezeguet
65.1%
DefenderLilian Thuram
64.1%
MidfielderPatrick Vieira
63.6%
MidfielderDidier Deschamps
61.4%
DefenderLaurent Blanc
61.1%
DefenderBixente Lizarazu
58.3%
MidfielderRobert Pires
52.2%
Position Player % Correct
DefenderFrank Leboeuf
45.1%
MidfielderYouri Djorkaeff
41%
ForwardChristophe Dugarry
39%
GoalkeeperBernard Lama
38%
ForwardStephane Guivarc'h
36.9%
MidfielderChristian Karembeu
31.6%
CoachAime Jacquet
27%
DefenderVincent Candela
26.6%
MidfielderAlain Boghossian
16.5%
GoalkeeperLionel Charbonnier
15.9%
MidfielderBernard Diomede
15%

You're not logged in!

Compare scores with friends on all Sporcle quizzes.
OR
Log In

Sporcle TV

Today on Sporcle TV


Watch our educational content, quiz creation guides, and fun videos on Sporcle TV.

Show Comments

Extras

Top Quizzes Today


Score Distribution

Your Account Isn't Verified!

In order to create a playlist on Sporcle, you need to verify the email address you used during registration. Go to your Sporcle Settings to finish the process.

Report this User

Report this user for behavior that violates our Community Guidelines.

Details: